Reflexiones en educación universitaria (Registro nro. 304272)

Detalles MARC
000 -ENCABEZADO
Número de control [NR] 01106cam a22002654a 4500
005 - FECHA Y HORA DE LA ÚLTIMA TRANSACCIÓN
control field 20160830081718.0
008 - DE LONGITUD FIJA DE DATOS DE ELEMENTOS - INFORMACIÓN GENERAL
Elementos de longitud fija [NR] 160830s1999 ck a fr 001 0 spa d
020 ## - NUMERO INTERNACIONAL NORMALIZADO PARA LIBROS [R]
Número Internacional Normalizado del libro [NR] 9588051649
035 ## - NUMERO DE CONTROL DEL SISTEMA [R]
Número de control del sistema [NR] (BoCbEI)ei 0003M0377
035 ## - NUMERO DE CONTROL DEL SISTEMA [R]
Número de control del sistema [NR] (BoCbEI)ei 0003M0377
040 ## - FUENTE DE CATALOGACION [NR]
Agencia de catalogación original [NR] CO-BoUCM
Idioma de catalogación [NR] spa
Quien Cataloga Sandra Palacio
Quien Clasifica Sandra Palacio
041 0# - CODIGO DE IDIOMA [R]
Código de idioma para texto/pista de sonido o título separado [R] Español
245 00 - MENCION DE TITULO [NR]
Título [NR] Reflexiones en educación universitaria
Mención de responsabilidad, etc. [NR] autores varios ; Análida Elizabeth Pinilla Roa, editora
260 ## - PUBLICACION, DISTRIBUCION, ETC. (PIE DE IMPRENTA) [R]
Lugar de publicación, distribución, etc. [R] Bogotá (Colombia)
Nombre del editor, distribuidor, etc. [R] Universidad Nacional de Colombia
Fecha de publicación, distribución, etc. [R] 1999
300 ## - DESCRIPCION FISICA [R]
Extensión [R] 210 páginas
Otros detalles físicos [NR] ilustraciones
504 ## - NOTA DE BIBLIOGRAFIA, ETC. [R]
Nota de bibliografía, etc. [NR] Incluye referencias bibliográficas e índices
650 #7 - ASIENTO SECUNDARIO DE MATERIA - TERMINO TEMATICO [R]
Término temático o nombre geográfico como elemento de entrada [NR] Educación superior
Subdivisión geográfica [R] Colombia
9 (RLIN) 13880
650 #7 - ASIENTO SECUNDARIO DE MATERIA - TERMINO TEMATICO [R]
Término temático o nombre geográfico como elemento de entrada [NR] Formación profesional
Subdivisión geográfica [R] Colombia
9 (RLIN) 79369
650 #7 - ASIENTO SECUNDARIO DE MATERIA - TERMINO TEMATICO [R]
Término temático o nombre geográfico como elemento de entrada [NR] Inteligencias multiples
9 (RLIN) 17849
690 ## - ASUNTO AGREGADO LOCAL DE ENTRADA - TÉRMINO TEMÁTICO (OCLC, RLIN)
Acceso temático local Educación superior
9 (RLIN) 177
700 1# - ASIENTO SECUNDARIO - NOMBRE PERSONAL [R]
Nombre personal [NR] Pinilla Roa, Análida Elizabeth
Término de relación [R] editor
9 (RLIN) 79370
710 1# - ASIENTO SECUNDARIO - NOMBRE CORPORATIVO [R]
Nombre corporativo o de jurisdicción como elemento de entrada [NR] Universidad Nacional de Colombia
Unidad subordinada [R] Facultad de Medicina
-- Grupo de Apoyo Pedagógico y Formación Docente
9 (RLIN) 79371
942 ## - ELEMENTOS DE ENTRADA AGREGADOS (KOHA)
Sistema de clasificación DEWEY
Tipo de ítem principal el descrito en 300a Libro
Tema principal Educación
Edición 1
Clasificación 378.86
Parte restante de la signatura top. R332re
Existencias
Total préstamos Signatura topográfica Código de barras Última vez visto Ejemplar Costo de reposición Price effective from Tipo de ítem Nota pública (OPAC) Perdido Sistema de clasificación Dañado No prestable Tipo de ítem específico Suprimido Ubicación habitual Ubicación actual Localización Fecha de creación Proveedor Forma de adquisición Costo
  378.86 R332re 100150352 04/12/2025 Ej.1 26000.00 22/08/2016 Libro Galería de donantes   DEWEY     Libro   Claustro Claustro 3er piso 22/08/2016 12 Donación 0.00